| 000 | 01012nam a2200277 a 4500 | ||
|---|---|---|---|
| 001 | BRCA_7307 | ||
| 005 | 20190320205803.0 | ||
| 008 | 290512r1987----mx-a######---#000-0#spa-# | ||
| 020 | _a9684161182 | ||
| 041 | _aspa | ||
| 044 | _amx | ||
| 050 | 4 |
_aPQ6323 _b.C47 1987 |
|
| 100 | 1 |
_aCervantes Saavedra, Miguel de _d1547-1616 _9213 |
|
| 245 | 1 | 0 |
_aEl Ingenioso Hidalgo Don Quijote de la Mancha _cMiguel de Cervantes Saavedra. |
| 260 |
_aMéxico _bFernández editores _c7a pub. 1987 |
||
| 300 |
_axxix, 727 p. _bil. _c28 cm. |
||
| 500 | _aIncluye un mapa plegable de los parajes por donde anduvo Don Quijote de la Mancha | ||
| 500 | _aEl libro se encuentra en préstamo, no tiene fecha de regreso | ||
| 500 | _aAudit. 991023 | ||
| 650 | 1 | 4 |
_aNovela española _yÉpoca clásica, 1500-1700 _9215 |
| 650 | 1 | 4 |
_aLiteratura española _yÉpoca clásica, 1500-1700 _9216 |
| 650 | 1 | 4 |
_aNovela española _ySiglo XVII _9217 |
| 650 | 1 | 4 |
_aDon Quijote (Personaje ficticio) _vNovela _911664 |
| 902 | _aQAG | ||
| 942 |
_2lcc _cB |
||
| 999 |
_c6983 _d6983 |
||